logo

Bir Sreshtho Munshi Abdur Rouf Library
Jhenaidah Cadet College

Mechanics of solids : (Record no. 9996)

MARC details
000 -LEADER
fixed length control field 00742cam a2200265 a 4500
001 - CONTROL NUMBER
JCCL Control Number 9996
003 - CONTROL NUMBER IDENTIFIER
JCCL marc code BD-JhCC
005 - DATE AND TIME OF LATEST TRANSACTION
control field 20180404103149.0
008 - FIXED-LENGTH DATA ELEMENTS--GENERAL INFORMATION
fixed length control field 180404s1993 ilua 001 0 eng
020 ## - INTERNATIONAL STANDARD BOOK NUMBER
International Standard Book Number 0256114250
035 ## - SYSTEM CONTROL NUMBER
system control number (BD-JhCC)9996
040 ## - CATALOGING SOURCE
Original cataloging agency DLC
Transcribing agency DLC
Modifying agency DLC
-- BD-JhCC
041 ## - LANGUAGE CODE
Language code of Book eng
050 00 - LIBRARY OF CONGRESS CALL NUMBER
Classification number TA405
Item number .B498 1993
082 00 - DEWEY DECIMAL CLASSIFICATION NUMBER
Classification number 620.1/1292
DDC Edition number 20
Author mark and Year BIC 1993
100 1# - MAIN ENTRY--PERSONAL NAME
Personal name Bickford, William B.
245 10 - TITLE STATEMENT
Title Mechanics of solids :
Remainder of title concepts and applications /
Statement of responsibility, etc William B. Bickford.
260 ## - PUBLICATION, DISTRIBUTION, ETC. (IMPRINT)
Place of publication, distribution, etc Homewood, IL :
Name of publisher, distributor, etc Irwin,
Date of publication, distribution, etc c1993.
300 ## - PHYSICAL DESCRIPTION
Pagination xxi, 767, [53] p. :
Other physical details ill. ;
Dimensions 25 cm.
500 ## - GENERAL NOTE
General note Includes index.
650 #0 - SUBJECT ADDED ENTRY--TOPICAL TERM
Topical term or geographic name as entry element Strength of materials.
650 #0 - SUBJECT ADDED ENTRY--TOPICAL TERM
Topical term or geographic name as entry element Mechanics, Applied.
942 ## - ADDED ENTRY ELEMENTS (KOHA)
Source of classification or shelving scheme Dewey Decimal Classification
Koha item type Reference
Holdings
Source of classification or shelving scheme Damaged status Not for loan Home library Current library Shelving location Date of accession Total Checkouts Full call number Barcode Date last seen Copy number Koha item type
Dewey Decimal Classification     JCC Rouf Library JCC Rouf Library General Stacks 04/04/2018   620.1/1292 BIC 1993 11208 04/04/2018 C-1 Reference

JCC Library | Contacts | JCC Home

Last Update on 23 September 2017
Copyright @ 2017-2020 JCC Rouf Library
Rouf Library, Jhenidah Cadet College (JCC), Bangladesh